01324cam a2200337 a 4500001001400000003000800014005001700022006001900039007001500058008004100073020003800114040003000152049002600182050002400208082001500232100002100247245011300268260002700381300003700408500002000445520023700465521001700702588004700719650001600766655002900782710001600811776003500827856008900862942001600951999001900967EDZ0000063864StDuBDS20161031105138.0m||||||||d||||||||cr |||||||||||120326s1997 enk fo| 001|0|eng d a9781446221655 (ebook) :cNo price aStDuBDSbengcStDuBDSepn aAlfaisal Main Library 0aBF637.C6bC744 199704a361.062231 aCrouch, Anthony.10aInside counsellingh[electronic resource] :bbecoming and being a professional counsellor /cAnthony Crouch. aLondon :bSAGE,c1997. a1 online resource (xiii, 184 p.) aIncludes index.8 aWeaving together the perspectives of students, counsellors clients and supervisors, Crouch breaks away from traditional methods to present complex theories, difficult concepts and serious information using 'talk' as the main medium. aSpecialized. aDescription based on print version record. 0aCounseling. 7aElectronic books.2local2 aSage eBooks08iPrint version :z978080397529340uhttp://ezproxy.alfaisal.edu/login?url=http://sk.sagepub.com/books/inside-counselling 2lcccEBOOKS c480296d480296